[Event "Vinnytsia Olkhovsky Memorial 8th"]
[Site "Vinnytsia"]
[Date "2021.07.10"]
[Round "1"]
[White "Dovgan, Vitaliy"]
[Black "Vypkhaniuk, Igor"]
[Result "0-1"]
[WhiteElo "1694"]
[BlackElo "2412"]
[PlyCount "96"]
[EventDate "2021.07.10"]
[EventType "swiss (rapid)"]
[EventRounds "9"]
[EventCountry "UKR"]
[SourceTitle "CBM 203 Extra"]
[Source "ChessBase"]
[SourceDate "2021.09.30"]
[SourceVersion "1"]
[SourceVersionDate "2021.09.30"]
[SourceQuality "1"]

1. e4 c5 2. d4 cxd4 3. c3 Nf6 4. e5 Nd5 5. Qxd4 e6 6. Bc4 Nc6 7. Qd1 Nb6 8. Bb3 Nxe5 9. Nf3 Nxf3+ 10. Qxf3 Qf6 11. Qg3 Qg6 12. Qf3 Qf6 13. Qg3 Qg6 14. Qf3 d5 15. 0-0 Bd6 16. Re1 0-0 17. Na3 Qf6 18. Qxf6 gxf6 19. Nb5 Bb8 20. Bh6 Rd8 21. Re3 Bd7 22. Nd4 Kh8 23. Rf3 Be5 24. Re1 Rg8 25. g3 Rg6 26. Bc1 Ba4 27. h4 h5 28. Nc2 Bxb3 29. axb3 a5 30. Be3 Ra6 31. b4 Nc4 32. b5 Ra8 33. Bc5 Nxb2 34. Rxe5 fxe5 35. Rxf7 Rg7 36. Rf6 Re8 37. Bd6 Nc4 38. Bf8 Rh7 39. Ne3 Nxe3 40. fxe3 Kg8 41. Bd6 Rf7 42. Rxf7 Kxf7 43. Bxe5 a4 44. g4 hxg4 45. h5 a3 46. h6 Kg6 47. e4 a2 48. c4 dxc4 0-1